[Event "Linares Anibal op 06th"]
[Site "Linares"]
[Date "1999.01.16"]
[Round "9"]
[White "Minasian, Artashes"]
[Black "Kharlov, Andrei"]
[Result "1-0"]
[WhiteElo "2590"]
[BlackElo "2600"]
[Annotator "Tiviakov"]
[PlyCount "77"]
[EventDate "1999.01.??"]
[EventType "swiss"]
[EventRounds "10"]
[EventCountry "ESP"]
[SourceTitle "CBM 068 ext"]
[Source "ChessBase"]
[SourceDate "1999.03.01"]
[SourceVersion "1"]
[SourceVersionDate "1999.03.01"]
[SourceQuality "1"]

1. e4 c5 2. Nc3 Nc6 3. g3 g6 4. Bg2 Bg7 5. d3 d6 {[Closed Sicilian is a common
choice by Artashes, since it fits very well into his style. The arising
positions are not so easy to understand, each side has a vast number of plans
and possibilities. The creative player such as Minasian gets an extra
advantage here because the better knowledge of the opening by his opponent
can't be used. The variation is rare and even the author of these lines has
played only a few games against it.]} 6. Nge2 e5 7. Nd5 Nge7 8. c3 {[An
extremely rare move with only 1 game played here before - 45 years ago. Other
moves in the position are} (8. Bg5) (8. Nec3) (8. Ne3 {and}) (8. c4 {.}) 8...
O-O $6 {[Being not familiar with the variation, A.Kharlov fails to make the
move, not only solving all opening problems, but even giving Black the better
prospects. The source game Smyslov,Vassily-Botvinnik,Mikhail/Ch World (match),
Moscow (Russia) (15) 1954 continued:} (8... Nxd5 $1 9. exd5 Ne7 10. O-O O-O 11.
f4 Bd7 12. h3 Qc7 13. Be3 Rae8 14. Qd2 Nf5 15. Bf2 h5 $17 {with advantage for
Black, easily converted into a point, several moves later.} 16. Rae1 Qd8 17.
Kh2 Bh6 18. h4 Qf6 19. Be4 exf4 20. Nxf4 Nxh4 21. Be3 Nf5 $19 {.}) 9. h4 h5 (
9... Nxd5 10. exd5 Ne7 11. h5 Bg4 {could have also been chosen.}) 10. Ne3 Be6
11. c4 Qd7 (11... a6 {, preparing b7-b5, deserves attention.}) 12. Nd5 Nd4 $2 {
[A serious mistake, allowing White to spoil the Black's pawns' structure and
get a long-lasting advantage. Black must try to organise the counter-play on
the queen's side. 12...Rab8 looks tempting, but after 13.a4 a6 14.a5 he is not
able to make any further progress on this side of the board. 13...b6, followed
14...a6 and 15...b5 is stronger and worth trying, but I believe the direct} (
12... b5 {, sacrificing the pawn, must yield Black sufficient compensation. E.g
} 13. cxb5 {(13...Bxd5 14.exd5 Nd4 (14...Nb4 15.Nc3) 15.Nxd4 exd4 16.a4 seems
not to be enough.)} Nd4 14. Nxe7+ Qxe7 15. Nxd4 exd4 {, followed by 16...Rfb8
and 17...a6.}) 13. Nxd4 cxd4 (13... exd4 $5 {should have been considered
seriously, since the text resigns Black to the very passive position, although
still after 13...exd4 White has the upper hand.}) 14. a4 $1 {[Preventing
possible b7-b5.]} Qd8 $6 {[Black doesn't feel the dangers of the position and
decides to stick to the passive defence, although he needs to do something
radical to change the course of the game.} (14... f5 $5 {deserved the most
serious attention, trying to create the counter-play on the king's side and in
the centre.}) 15. Qb3 Rb8 16. Qa3 a5 {[The powerful advance of the White pawns
on the queen's side is now stopped, but it doesn't make Black's life easier,
since the b-file becomes open, making it the base for the penetration of the
White pieces into the enemy's camp.]} 17. b4 axb4 18. Qxb4 Nc6 19. Qb5 Kh7 20.
Ba3 f6 21. Qb6 $1 {[Exchanging the queens, White steps into the technical
stage of the realisation of his advantage. With 2 weak pawns (b7 and d6) in
his camp, Black position becomes hopeless.]} Rf7 22. Qxd8 Rxd8 23. Ke2 Bf8 {
[With no counter-chances at all Black has only to wait and see how he is being
finished off.]} 24. Nb6 Nb8 25. Rab1 Na6 26. Rb5 Nc5 {[The knight c6 has been
transferred to the better place, but now the square a7 remains uncovered.]} 27.
Rhb1 Kg7 28. Ra5 Rb8 29. Ra7 Rd8 {[Black is in zugzwang and has no useful
moves at his disposal.]} 30. a5 Na6 31. Nd5 Rdd7 32. Rb6 Bxd5 33. exd5 Nc5 34.
Bxc5 dxc5 35. d6 {[The pawn b7 finally falls.]} Bxd6 36. Bd5 Rfe7 37. a6 Re8 (
37... bxa6 38. Raxa6 Bc7 39. Rxf6 {also loses.}) 38. Rbxb7 Rxb7 39. Rxb7+ {
[Very nice positional play by Minasian!]} 1-0

[Event "Ubeda op 4th"]
[Site "Ubeda"]
[Date "1999.01.20"]
[Round "1"]
[White "Kharlov, Andrei"]
[Black "Watson, John L"]
[Result "1-0"]
[WhiteElo "2575"]
[BlackElo "2365"]
[PlyCount "81"]
[EventDate "1999.01.??"]
[EventType "swiss"]
[EventRounds "10"]
[EventCountry "ESP"]
[SourceTitle "CBM 068 ext"]
[Source "ChessBase"]
[SourceDate "1999.03.01"]
[SourceVersion "1"]
[SourceVersionDate "1999.03.01"]
[SourceQuality "1"]

1. c4 Nf6 2. Nc3 g6 3. e4 d6 4. d4 Bg7 5. h3 Nbd7 6. g3 O-O 7. Bg2 c6 8. Nge2
a6 9. O-O b5 10. cxb5 axb5 11. e5 dxe5 12. Bxc6 Ra6 13. Bg2 b4 14. Nb5 Rb6 15.
Na7 Bb7 16. Bxb7 Rxb7 17. Nc6 Qc7 18. Nxe5 Nxe5 19. dxe5 Qxe5 20. Nf4 Qb5 21.
a4 bxa3 22. Rxa3 e5 23. Ne2 Rc8 24. Nc3 Qc4 25. Re1 Qe6 26. Qf3 Rb4 27. Kg2 h6
28. Ra5 e4 29. Qe2 Rcc4 30. Be3 Kh7 31. Rd1 Qc6 32. Ra7 Qe8 33. Rd6 Qb8 34.
Rxf6 Bxf6 35. Rxf7+ Bg7 36. Nd5 Rc6 37. Nxb4 Qxb4 38. Qg4 Rf6 39. Rd7 Qxb2 40.
Qxe4 Qb3 41. Qe7 1-0

[Event "Ubeda op 4th"]
[Site "Ubeda"]
[Date "1999.01.21"]
[Round "2"]
[White "Herrera, Irisberto"]
[Black "Kharlov, Andrei"]
[Result "1/2-1/2"]
[WhiteElo "2425"]
[BlackElo "2575"]
[PlyCount "105"]
[EventDate "1999.01.??"]
[EventType "swiss"]
[EventRounds "10"]
[EventCountry "ESP"]
[SourceTitle "CBM 068 ext"]
[Source "ChessBase"]
[SourceDate "1999.03.01"]
[SourceVersion "1"]
[SourceVersionDate "1999.03.01"]
[SourceQuality "1"]

1. e4 c5 2. Nf3 Nc6 3. d4 cxd4 4. Nxd4 Nf6 5. Nc3 d6 6. Bg5 e6 7. Qd2 Be7 8.
O-O-O Nxd4 9. Qxd4 O-O 10. f4 Qa5 11. Bc4 Bd7 12. e5 dxe5 13. fxe5 Bc6 14. Bd2
Nd7 15. Nd5 Qd8 16. Nxe7+ Qxe7 17. Rhe1 Rfd8 18. Qg4 Nf8 19. Bd3 Rd5 20. Bb4
Qd8 21. Bd6 Ng6 22. g3 Qa5 23. Bxg6 hxg6 24. a3 Rc8 25. Qb4 Ba4 26. Rxd5 Qxb4
27. axb4 exd5 28. c3 Bd7 29. Kd2 a6 30. h4 g5 31. hxg5 Kh7 32. Bc5 Kg6 33. Be3
Rh8 34. Bf4 Bg4 35. Ke3 Rh2 36. Kd4 Rxb2 37. Kxd5 Be6+ 38. Kc5 Rb3 39. Kd4 Ra3
40. Rc1 Kf5 41. Rf1 Kg6 42. Rc1 a5 43. bxa5 Rxa5 44. c4 Ra4 45. Kc5 Kf5 46. Kb5
Ra2 47. Kb6 Rb2+ 48. Kc7 g6 49. c5 Rb4 50. Rd1 Rb5 51. Rc1 Ke4 52. Kd6 Rb4 53.
c6 1/2-1/2

[Event "Ubeda op 4th"]
[Site "Ubeda"]
[Date "1999.01.23"]
[Round "4"]
[White "Grigore, George Gabriel"]
[Black "Kharlov, Andrei"]
[Result "1/2-1/2"]
[WhiteElo "2475"]
[BlackElo "2575"]
[PlyCount "50"]
[EventDate "1999.01.??"]
[EventType "swiss"]
[EventRounds "10"]
[EventCountry "ESP"]
[SourceTitle "CBM 068 ext"]
[Source "ChessBase"]
[SourceDate "1999.03.01"]
[SourceVersion "1"]
[SourceVersionDate "1999.03.01"]
[SourceQuality "1"]

1. d4 d5 2. c4 dxc4 3. Nf3 a6 4. e3 e6 5. Bxc4 Nf6 6. O-O c5 7. Bd3 Nbd7 8. Re1
cxd4 9. exd4 b5 10. a4 b4 11. Nbd2 Be7 12. Nb3 Bb7 13. a5 O-O 14. Bf4 Bd5 15.
Ne5 Ra7 16. Nc4 g6 17. Ne3 Ba8 18. Rc1 Re8 19. Qe2 Nh5 20. Bh6 Bf8 21. Bxf8 Nf4
22. Qd2 Rxf8 23. Bf1 Qg5 24. g3 Nd5 25. Bg2 Nxe3 1/2-1/2

[Event "Ubeda op 4th"]
[Site "Ubeda"]
[Date "1999.01.24"]
[Round "5"]
[White "Kharlov, Andrei"]
[Black "Svetushkin, Dmitry"]
[Result "1/2-1/2"]
[WhiteElo "2575"]
[BlackElo "2460"]
[PlyCount "43"]
[EventDate "1999.01.??"]
[EventType "swiss"]
[EventRounds "10"]
[EventCountry "ESP"]
[SourceTitle "CBM 068 ext"]
[Source "ChessBase"]
[SourceDate "1999.03.01"]
[SourceVersion "1"]
[SourceVersionDate "1999.03.01"]
[SourceQuality "1"]

1. e4 c6 2. d4 d5 3. exd5 cxd5 4. c4 Nf6 5. Nc3 e6 6. Nf3 Bb4 7. cxd5 Nxd5 8.
Qc2 Nc6 9. Be2 O-O 10. O-O Be7 11. Rd1 Qb6 12. a3 Bf6 13. Be3 Nxe3 14. fxe3 g6
15. b4 Ne7 16. Kh1 Nd5 17. Na4 Qd8 18. Qd2 Bg7 19. e4 Nf6 20. Bd3 e5 21. d5 Ne8
22. Nb2 1/2-1/2

[Event "Ubeda op 4th"]
[Site "Ubeda"]
[Date "1999.01.26"]
[Round "7"]
[White "Kharlov, Andrei"]
[Black "Kreiman, Boris"]
[Result "1/2-1/2"]
[WhiteElo "2575"]
[BlackElo "2455"]
[PlyCount "46"]
[EventDate "1999.01.??"]
[EventType "swiss"]
[EventRounds "10"]
[EventCountry "ESP"]
[SourceTitle "CBM 068 ext"]
[Source "ChessBase"]
[SourceDate "1999.03.01"]
[SourceVersion "1"]
[SourceVersionDate "1999.03.01"]
[SourceQuality "1"]

1. e4 g6 2. d4 Bg7 3. Nf3 d6 4. c3 Nf6 5. Bd3 O-O 6. O-O Nbd7 7. Re1 e5 8. Bg5
h6 9. Bh4 b6 10. Nbd2 Bb7 11. a4 a6 12. b4 Qe8 13. Bc4 Kh8 14. Qb3 Nh5 15. dxe5
dxe5 16. Bd5 c6 17. Bc4 b5 18. Bf1 f5 19. exf5 gxf5 20. Nd4 Nf4 21. Bg3 Nd5 22.
c4 bxc4 23. Bxc4 e4 1/2-1/2

[Event "Ubeda op 4th"]
[Site "Ubeda"]
[Date "1999.01.28"]
[Round "9"]
[White "Moreno Carnero, Javier"]
[Black "Kharlov, Andrei"]
[Result "1/2-1/2"]
[WhiteElo "2430"]
[BlackElo "2575"]
[PlyCount "57"]
[EventDate "1999.01.??"]
[EventType "swiss"]
[EventRounds "10"]
[EventCountry "ESP"]
[SourceTitle "CBM 068 ext"]
[Source "ChessBase"]
[SourceDate "1999.03.01"]
[SourceVersion "1"]
[SourceVersionDate "1999.03.01"]
[SourceQuality "1"]

1. e4 c5 2. Nf3 Nc6 3. Bb5 d6 4. O-O Bd7 5. c3 a6 6. Bxc6 Bxc6 7. Re1 e6 8. d4
cxd4 9. cxd4 d5 10. Ne5 dxe4 11. Nxc6 bxc6 12. Nc3 Nf6 13. Qa4 Qb6 14. Be3 Nd5
15. Rac1 Rc8 16. Nxe4 Qb5 17. Qd1 Be7 18. Qg4 g6 19. Qg3 Nxe3 20. Qxe3 O-O 21.
b3 Qa5 22. Re2 Rfd8 23. g3 Bf8 24. Nf6+ Kh8 25. Rc5 Qa3 26. Rc4 Bg7 27. Ne4 Rd5
28. Ng5 Qe7 29. Nf3 1/2-1/2

[Event "Malaga op 2nd"]
[Site "Malaga"]
[Date "1999.02.03"]
[Round "1"]
[White "Sogaard, Soren"]
[Black "Kharlov, Andrei"]
[Result "0-1"]
[WhiteElo "2180"]
[BlackElo "2600"]
[PlyCount "96"]
[EventDate "1999.02.03"]
[EventType "swiss"]
[EventRounds "9"]
[EventCountry "ESP"]
[SourceTitle "CBM 068 ext"]
[Source "ChessBase"]
[SourceDate "1999.03.01"]
[SourceVersion "1"]
[SourceVersionDate "1999.03.01"]
[SourceQuality "1"]

1. e4 c5 2. Nf3 Nc6 3. d4 cxd4 4. Nxd4 Nf6 5. Nc3 e5 6. Ndb5 d6 7. Bg5 a6 8.
Na3 b5 9. Nd5 Be7 10. Bxf6 Bxf6 11. c3 O-O 12. Be2 Bg5 13. O-O Rb8 14. Nc2 a5
15. a3 Be6 16. Nce3 Bxe3 17. Nxe3 Qb6 18. Nd5 Qb7 19. Qd2 Rfd8 20. Rad1 Ne7 21.
Nxe7+ Qxe7 22. Qe3 Qc7 23. Rd2 h6 24. Rfd1 Bb3 25. Rc1 Rb6 26. Bd1 Be6 27. h3
Rc6 28. Bf3 b4 29. axb4 axb4 30. Rdd1 Bb3 31. Re1 Rc8 32. Bg4 Be6 33. Bxe6 fxe6
34. Red1 Rb8 35. Qd2 b3 36. Qd3 Rbb6 37. Ra1 Qb7 38. Qe3 Ra6 39. Rxa6 Qxa6 40.
Qd3 Qa4 41. f3 Qa2 42. Qe2 Rxc3 43. Rxd6 Rc2 44. Rd2 Qxb2 45. Rd8+ Kh7 46. Qf1
Rc1 47. Rd1 Rxd1 48. Qxd1 Qd4+ 0-1

[Event "Malaga op 2nd"]
[Site "Malaga"]
[Date "1999.02.04"]
[Round "2"]
[White "Kharlov, Andrei"]
[Black "Garcia Vicente, Nieves"]
[Result "1-0"]
[WhiteElo "2600"]
[BlackElo "2263"]
[PlyCount "93"]
[EventDate "1999.02.03"]
[EventType "swiss"]
[EventRounds "9"]
[EventCountry "ESP"]
[SourceTitle "CBM 068 ext"]
[Source "ChessBase"]
[SourceDate "1999.03.01"]
[SourceVersion "1"]
[SourceVersionDate "1999.03.01"]
[SourceQuality "1"]

1. c4 e6 2. Nf3 d5 3. d4 Nf6 4. Nc3 Bb4 5. e3 c5 6. a3 Ba5 7. Bd2 cxd4 8. exd4
dxc4 9. Bxc4 Nc6 10. Bb5 O-O 11. Bxc6 bxc6 12. O-O h6 13. Na4 Ba6 14. Re1 Bc4
15. Bxa5 Qxa5 16. Nc5 Qb5 17. Ne5 Bd5 18. b3 Rfd8 19. Re3 a5 20. Rf3 Kf8 21.
Qc2 Ra7 22. Re1 Rb8 23. Ree3 a4 24. b4 Rd8 25. Re1 Qb6 26. Rc3 Qb5 27. Rc1 Raa8
28. f3 Kg8 29. Ncd3 Ra6 30. Rc5 Qb6 31. Nf4 Raa8 32. Qf2 Nd7 33. Nxd5 cxd5 34.
Rc6 Qb8 35. Nxd7 Rxd7 36. Qe3 Qb7 37. R1c5 Kh7 38. Qc3 Ra7 39. h4 g6 40. h5 g5
41. f4 Qb8 42. Qd3+ Kg7 43. f5 Qe8 44. Qe3 Kh7 45. Qe5 f6 46. Qe2 Re7 47. fxe6
1-0

[Event "Malaga op 2nd"]
[Site "Malaga"]
[Date "1999.02.05"]
[Round "3"]
[White "Vassallo Barroche, Mauricio"]
[Black "Kharlov, Andrei"]
[Result "0-1"]
[WhiteElo "2381"]
[BlackElo "2600"]
[PlyCount "64"]
[EventDate "1999.02.03"]
[EventType "swiss"]
[EventRounds "9"]
[EventCountry "ESP"]
[SourceTitle "CBM 068 ext"]
[Source "ChessBase"]
[SourceDate "1999.03.01"]
[SourceVersion "1"]
[SourceVersionDate "1999.03.01"]
[SourceQuality "1"]

1. Nf3 d5 2. b3 c5 3. e3 Nc6 4. Bb5 Qc7 5. Bb2 a6 6. Bxc6+ Qxc6 7. Ne5 Qc7 8.
O-O Nh6 9. f4 f6 10. Nf3 e6 11. Qe2 Be7 12. d3 O-O 13. a4 b6 14. Nbd2 Bb7 15.
c4 Rfe8 16. g3 Rad8 17. e4 dxe4 18. dxe4 Qd7 19. Nb1 Qd3 20. Qxd3 Rxd3 21. Nc3
Ng4 22. h3 Ne3 23. Rf2 Red8 24. Ne1 Rxc3 25. Bxc3 Nd1 26. Rxd1 Rxd1 27. a5 bxa5
28. Re2 Rb1 29. Bxa5 Rxb3 30. Kf2 Ra3 31. Bc7 Kf7 32. e5 f5 0-1

[Event "Malaga op 2nd"]
[Site "Malaga"]
[Date "1999.02.06"]
[Round "4"]
[White "Kharlov, Andrei"]
[Black "San Segundo Carrillo, Pablo"]
[Result "1-0"]
[WhiteElo "2600"]
[BlackElo "2483"]
[PlyCount "61"]
[EventDate "1999.02.03"]
[EventType "swiss"]
[EventRounds "9"]
[EventCountry "ESP"]
[SourceTitle "CBM 068 ext"]
[Source "ChessBase"]
[SourceDate "1999.03.01"]
[SourceVersion "1"]
[SourceVersionDate "1999.03.01"]
[SourceQuality "1"]

1. d4 Nf6 2. c4 g6 3. Nc3 d5 4. Bf4 Bg7 5. e3 c5 6. dxc5 Qa5 7. Rc1 dxc4 8.
Bxc4 O-O 9. Nf3 Qxc5 10. Bb3 Nc6 11. O-O Qa5 12. h3 Bf5 13. Qe2 Ne4 14. Nd5 e5
15. Rxc6 bxc6 16. Ne7+ Kh8 17. Nxc6 Qc5 18. Ncxe5 Qe7 19. Rc1 g5 20. Rc7 Qxc7
21. Ng6+ fxg6 22. Bxc7 g4 23. hxg4 Bxg4 24. Qc2 Rac8 25. Ne5 Nd6 26. Nxg4 Ne8
27. Ne5 Rxc7 28. Qe4 Bf6 29. Qd5 Ng7 30. Qd6 Re7 31. Nf7+ 1-0

[Event "Malaga op 2nd"]
[Site "Malaga"]
[Date "1999.02.07"]
[Round "5"]
[White "Campora, Daniel Hugo"]
[Black "Kharlov, Andrei"]
[Result "0-1"]
[WhiteElo "2551"]
[BlackElo "2600"]
[PlyCount "60"]
[EventDate "1999.02.03"]
[EventType "swiss"]
[EventRounds "9"]
[EventCountry "ESP"]
[SourceTitle "CBM 068 ext"]
[Source "ChessBase"]
[SourceDate "1999.03.01"]
[SourceVersion "1"]
[SourceVersionDate "1999.03.01"]
[SourceQuality "1"]

1. e4 c5 2. Nf3 Nc6 3. Bb5 g6 4. Bxc6 dxc6 5. d3 Bg7 6. Nbd2 Nf6 7. O-O Nd7 8.
Nc4 b6 9. h3 Nf8 10. Nh2 Ba6 11. Kh1 e5 12. b3 Ne6 13. Nf3 f6 14. Bd2 O-O 15.
Qc1 Qc7 16. Ng1 Nd4 17. Nb2 f5 18. exf5 gxf5 19. Re1 f4 20. c3 Nf5 21. Nf3 Rae8
22. Qc2 Nd6 23. c4 Bc8 24. Bc3 Rf5 25. Kg1 Rh5 26. Re4 Nxe4 27. dxe4 Bxh3 28.
gxh3 Rxh3 29. Nd3 Qd7 30. Nde1 Rxf3 0-1

[Event "Malaga op 2nd"]
[Site "Malaga"]
[Date "1999.02.08"]
[Round "6"]
[White "Kharlov, Andrei"]
[Black "Korneev, Oleg"]
[Result "1/2-1/2"]
[WhiteElo "2600"]
[BlackElo "2583"]
[PlyCount "27"]
[EventDate "1999.02.03"]
[EventType "swiss"]
[EventRounds "9"]
[EventCountry "ESP"]
[SourceTitle "CBM 068 ext"]
[Source "ChessBase"]
[SourceDate "1999.03.01"]
[SourceVersion "1"]
[SourceVersionDate "1999.03.01"]
[SourceQuality "1"]

1. d4 d5 2. c4 e6 3. Nc3 Be7 4. cxd5 exd5 5. Bf4 Nf6 6. e3 Bf5 7. Qb3 Nc6 8.
Qxb7 Nb4 9. Bb5+ Kf8 10. Rd1 Bd6 11. Bxd6+ cxd6 12. a3 Rb8 13. Qa6 Ra8 14. Qb7
1/2-1/2

[Event "Malaga op 2nd"]
[Site "Malaga"]
[Date "1999.02.09"]
[Round "7"]
[White "Mellado Trivino, Juan"]
[Black "Kharlov, Andrei"]
[Result "1/2-1/2"]
[WhiteElo "2447"]
[BlackElo "2600"]
[PlyCount "23"]
[EventDate "1999.02.03"]
[EventType "swiss"]
[EventRounds "9"]
[EventCountry "ESP"]
[SourceTitle "CBM 068 ext"]
[Source "ChessBase"]
[SourceDate "1999.03.01"]
[SourceVersion "1"]
[SourceVersionDate "1999.03.01"]
[SourceQuality "1"]

1. e4 c5 2. c3 Nf6 3. e5 Nd5 4. g3 d6 5. exd6 Qxd6 6. Bg2 Nc6 7. Ne2 Bg4 8. h3
Bh5 9. Na3 e6 10. g4 Bg6 11. d4 Qd7 12. Nc4 1/2-1/2

[Event "Cappelle op 15th"]
[Site "Cappelle la Grande"]
[Date "1999.02.15"]
[Round "3"]
[White "Kharlov, Andrei"]
[Black "Crouan, Stephane"]
[Result "1-0"]
[WhiteElo "2600"]
[BlackElo "2153"]
[PlyCount "45"]
[EventDate "1999.02.13"]
[EventType "swiss"]
[EventRounds "9"]
[EventCountry "FRA"]
[SourceTitle "EXT 2000"]
[Source "ChessBase"]
[SourceDate "1999.11.16"]
[SourceVersion "1"]
[SourceVersionDate "1999.11.16"]
[SourceQuality "1"]

1. e4 e5 2. Nf3 Nc6 3. Bb5 Nf6 4. d3 d6 5. c3 Be7 6. Nbd2 O-O 7. O-O a6 8. Ba4
b5 9. Bb3 Na5 10. Bc2 c5 11. Re1 Bb7 12. Nf1 Re8 13. Ng3 g6 14. d4 cxd4 15.
cxd4 Bf8 16. d5 Rc8 17. b3 Bg7 18. Bd2 Ba8 19. a4 Bb7 20. axb5 axb5 21. b4 Rb8
22. Bd3 Rf8 23. Bxb5 1-0

[Event "Cappelle op 15th"]
[Site "Cappelle la Grande"]
[Date "1999.02.16"]
[Round "4"]
[White "Zlochevskij, Alexander"]
[Black "Kharlov, Andrei"]
[Result "1/2-1/2"]
[WhiteElo "2457"]
[BlackElo "2600"]
[PlyCount "90"]
[EventDate "1999.02.13"]
[EventType "swiss"]
[EventRounds "9"]
[EventCountry "FRA"]
[SourceTitle "EXT 2000"]
[Source "ChessBase"]
[SourceDate "1999.11.16"]
[SourceVersion "1"]
[SourceVersionDate "1999.11.16"]
[SourceQuality "1"]

1. d4 d5 2. c4 e6 3. Nf3 Nf6 4. Nc3 dxc4 5. Qa4+ c6 6. Qxc4 b5 7. Qd3 Nbd7 8.
g3 Bb7 9. Bg2 a6 10. Ng5 Qb6 11. O-O c5 12. Bxb7 Qxb7 13. dxc5 Nxc5 14. Qf3
Qxf3 15. exf3 b4 16. Nce4 Nd5 17. Nxc5 Bxc5 18. Ne4 Be7 19. Be3 Kd7 20. Bd4 f6
21. Rac1 Rhc8 22. Nd2 a5 23. f4 a4 24. Nc4 Rc6 25. Rfd1 Rac8 26. b3 Ke8 27. Rd2
a3 28. Rdc2 Kd7 29. Kf1 R8c7 30. Ke2 Bd8 31. Kd3 Ra6 32. Ne3 Rxc2 33. Rxc2 Be7
34. Nxd5 exd5 35. Bc5 Re6 36. Bxe7 Rxe7 37. Re2 Rxe2 38. Kxe2 f5 39. h4 g6 40.
Kd3 Kc6 41. Kd4 Kd6 42. Kd3 Kc5 43. Ke3 d4+ 44. Kd3 Kd5 45. f3 h5 1/2-1/2

[Event "Cappelle op 15th"]
[Site "Cappelle la Grande"]
[Date "1999.02.17"]
[Round "5"]
[White "Kharlov, Andrei"]
[Black "Legky, Nikolay"]
[Result "1-0"]
[WhiteElo "2600"]
[BlackElo "2487"]
[PlyCount "61"]
[EventDate "1999.02.13"]
[EventType "swiss"]
[EventRounds "9"]
[EventCountry "FRA"]
[SourceTitle "EXT 2000"]
[Source "ChessBase"]
[SourceDate "1999.11.16"]
[SourceVersion "1"]
[SourceVersionDate "1999.11.16"]
[SourceQuality "1"]

1. d4 e6 2. c4 Nf6 3. Nc3 Bb4 4. e3 b6 5. Nge2 Bb7 6. a3 Be7 7. Nf4 O-O 8. Bd3
d6 9. O-O Nbd7 10. b3 Re8 11. Bb2 Bf8 12. Bc2 e5 13. Nfe2 d5 14. cxd5 Nxd5 15.
Nxd5 Bxd5 16. dxe5 Nxe5 17. Nf4 Bb7 18. Bxh7+ Kxh7 19. Qh5+ Kg8 20. Bxe5 Qe7
21. Bc3 Rad8 22. b4 Qe4 23. Rfe1 Rd6 24. Rac1 Rh6 25. Qg5 Qh7 26. h3 Bd6 27. f3
f5 28. Re2 Kf7 29. Bd4 Kg8 30. Rec2 Re7 31. Rxc7 1-0

[Event "Cappelle op 15th"]
[Site "Cappelle la Grande"]
[Date "1999.02.18"]
[Round "6"]
[White "Suetin, Alexey"]
[Black "Kharlov, Andrei"]
[Result "0-1"]
[WhiteElo "2391"]
[BlackElo "2600"]
[PlyCount "96"]
[EventDate "1999.02.13"]
[EventType "swiss"]
[EventRounds "9"]
[EventCountry "FRA"]
[SourceTitle "EXT 2000"]
[Source "ChessBase"]
[SourceDate "1999.11.16"]
[SourceVersion "1"]
[SourceVersionDate "1999.11.16"]
[SourceQuality "1"]

1. e4 c5 2. Nf3 Nc6 3. Bb5 d6 4. d4 cxd4 5. Qxd4 Bd7 6. Bxc6 Bxc6 7. c4 Nf6 8.
Nc3 e6 9. O-O Be7 10. b3 O-O 11. Bb2 a6 12. Rfd1 b5 13. cxb5 axb5 14. a3 Qb8
15. b4 Rc8 16. Re1 Bf8 17. h3 Nd7 18. Qd3 Nb6 19. Nd2 Qb7 20. Qg3 e5 21. Rad1
f6 22. Bc1 Rd8 23. Ndb1 Qf7 24. Rd3 f5 25. exf5 Qxf5 26. Nd2 Be7 27. Nde4 d5
28. Rf3 Qg6 29. Qxg6 hxg6 30. Nd2 Bf6 31. Rg3 Kf7 32. Ncb1 e4 33. Nb3 Nc4 34.
Bg5 d4 35. Nc5 d3 36. Bxf6 gxf6 37. Nxe4 Bxe4 38. Rxe4 d2 39. Nxd2 Rxd2 40. Rh4
g5 41. Rh7+ Kg6 42. Rb7 Rxa3 43. Kh2 Rxf2 44. Rxb5 Rxg3 45. Kxg3 Rb2 46. Kf3
Ne5+ 47. Kg3 Rb3+ 48. Kh2 Nd3 0-1

[Event "Cappelle op 15th"]
[Site "Cappelle la Grande"]
[Date "1999.02.19"]
[Round "7"]
[White "Kharlov, Andrei"]
[Black "Olafsson, Helgi"]
[Result "1-0"]
[WhiteElo "2600"]
[BlackElo "2503"]
[PlyCount "63"]
[EventDate "1999.02.13"]
[EventType "swiss"]
[EventRounds "9"]
[EventCountry "FRA"]
[SourceTitle "EXT 2000"]
[Source "ChessBase"]
[SourceDate "1999.11.16"]
[SourceVersion "1"]
[SourceVersionDate "1999.11.16"]
[SourceQuality "1"]

1. d4 Nf6 2. c4 e6 3. Nc3 Bb4 4. Qc2 d5 5. cxd5 Qxd5 6. Nf3 Qf5 7. Qxf5 exf5 8.
a3 Be7 9. Bg5 Be6 10. e3 c6 11. Nd2 Nbd7 12. Nc4 a5 13. Be2 b5 14. Nd2 Nb6 15.
Bxf6 Bxf6 16. Bf3 Kd7 17. O-O b4 18. Ne2 g5 19. Rfc1 Rhc8 20. h3 Bg7 21. g4
fxg4 22. hxg4 f5 23. gxf5 Bxf5 24. Ng3 Be6 25. Be4 Na4 26. axb4 axb4 27. Nf3
Bf6 28. Nh5 Bh8 29. Nxg5 Bg4 30. Nf4 h6 31. Nf7 Bg7 32. Nd3 1-0